Perancangan pelaburan hayat

Bibliographic Details
Main Author: Anuar Haniff 1968-
Other Authors: Mohd Nizal Haniff
Format: Book
Published: s.l. : True Wealth Sdn. Bhd. , 2010
Subjects:

MARC

LEADER 00000cam a2200000 7i4500
001 0000144192
005 20101125.0
020 |a 9789675428319 
090 0 0 |a 332.6   |b ANU 
100 0 |a Anuar Haniff   |c 1968- 
245 1 0 |a Perancangan pelaburan hayat   |c Anuar Haniff dan Dr. Mohd Nizal Haniff 
260 |a s.l. :   |b True Wealth Sdn. Bhd. ,   |c 2010 
300 |a 121p. ;   |c 21cm. 
650 0 0 |a Investments 
650 0 0 |a Saving and investment 
700 0 |a Mohd Nizal Haniff   |f Dr 
999 |a 00243533   |b BUKU   |c PINJAMAN   |e PERPUSTAKAAN KOMUNITI PETALING JAYA